| 000 | 00381nam a2200145Ia 4500 | ||
|---|---|---|---|
| 008 | 240624s9999 xx 000 0 und d | ||
| 041 | _aeng | ||
| 082 | _a658.15 DAM | ||
| 100 | _aDAMODARAN ASWATH | ||
| 245 | _aINVESTMENT VALUATION TOOLS AND TECHNIQUES FOR DETERMININ | ||
| 250 | _a(3rd ed.) | ||
| 260 |
_c2012 _aNew Delhi _bWiley India |
||
| 300 | _a892 : p. | ||
| 365 |
_cRS _b32 |
||
| 999 |
_c20164 _d20164 |
||